Lo actual y lo caduco del impuesto personal / Don Joaquín Buxó de Abaigar...
Descripción Física:
53 p. ; 24 cm
MARC
| LEADER | 00000nam a2200000Ia 4500 | ||
|---|---|---|---|
| 001 | 1744 | ||
| 008 | 160829s9999 xx 000 0 cat d | ||
| 080 | |a M-3-354 | ||
| 100 | 1 | |a Buxó de Abaigar, Joaquín, |c marqués de Castell-Florite, |d 1905-1979 |9 54201 | |
| 245 | |a Lo actual y lo caduco del impuesto personal / Don Joaquín Buxó de Abaigar... | ||
| 260 | |a Barcelona : |b Sección de Prensa de la Diputación Provincial de Barcelona, [s.a.] | ||
| 300 | |a 53 p. ; |c 24 cm | ||
| 590 | |a A la portada: 'Texto de la conferencia que, integrada en el XII Curso de Verano de la Universidad de Santiago de Compostela, pronunció el día 6 de septiembre de 1954, en el Salón de Actos del Casino de Vigo, el Excmo. Sr. Presidente de la Diputación Provincial de Barcelona...' | ||
| 650 | |a Barcelona. Diputació |x Presidents |x Discursos |9 23126 | ||
| 901 | |a Arxiu | ||
| 942 | |n 1 | ||
| 952 | |0 0 |1 0 |4 0 |6 M3354 |7 1 |9 41806 |a Arxiu |b Arxiu |d 2016-12-01 |l 0 |o M-3-354 |p 1744 |r 2016-12-01 00:00:00 |w 2016-12-01 |y ARXIU | ||
| 999 | |c 43729 |d 43729 | ||